| 000 | 00849nam a2200265Ia 4500 | ||
|---|---|---|---|
| 003 | OSt | ||
| 005 | 20221005105348.0 | ||
| 006 | a|||||r|||| 00| 0 | ||
| 007 | ta | ||
| 008 | 221004b |||||||| |||| 00| 0 hin d | ||
| 020 | _a9788189531072 (hbk) | ||
| 024 | _a26430 | ||
| 037 |
_bGift, 05/05/2016, _cTextual |
||
| 040 |
_aCRL _cCRL _bhin |
||
| 041 |
_2hin _ahin |
||
| 082 | _aO152,3NJA,VG, P8 | ||
| 100 | _aजमनानी, अशोक | ||
| 245 | 0 | _aव्यास - नदी | |
| 246 | _aVyās - nadī | ||
| 260 |
_aनई दिल्ली _bतेज प्रकाशन भारत _c2008 |
||
| 300 |
_a160पृ0 _ccm. |
||
| 650 | _aहिन्दी साहित्य | ||
| 942 |
_hO152,3NJA,VG, P8 _cTEXL _2cc |
||
| 999 |
_c1015599 _d1015599 |
||